[Event "POL-ch U18"]
[Site "Szklarska Poreba"]
[Date "2019.03.14"]
[Round "7"]
[White "Ochowicz, Jakub"]
[Black "Kukula, Karol"]
[Result "1/2-1/2"]
[WhiteElo "1988"]
[BlackElo "1785"]
[PlyCount "65"]
[EventDate "2019.03.09"]
[EventType "swiss"]
[EventRounds "9"]
[EventCountry "POL"]
[SourceTitle "CBM 189 Extra"]
[Source "ChessBase"]
[SourceDate "2019.06.03"]
[SourceVersion "1"]
[SourceVersionDate "2019.06.03"]
[SourceQuality "1"]

1. e4 c5 2. Nf3 d6 3. d4 cxd4 4. Nxd4 Nf6 5. Nc3 g6 6. Be3 Bg7 7. f3 Nc6 8. Qd2 0-0 9. g4 Be6 10. 0-0-0 Ne5 11. h4 d5 12. Qh2 Nc6 13. h5 Qd6 14. Bf4 Qb4 15. a3 Qa5 16. Bc7 Qc5 17. Na4 Qxd4 18. Rxd4 Nxd4 19. hxg6 fxg6 20. Bg2 dxe4 21. g5 Nh5 22. fxe4 Rf2 23. Rf1 Raf8 24. Rxf2 Rxf2 25. Ba5 Ne2+ 26. Kb1 Nhf4 27. Be1 Rxg2 28. Qh4 Bd4 29. Nc3 Rg4 30. Qh2 Rg2 31. Qh4 Rg4 32. Qh2 Rg2 33. Qh4 1/2-1/2

[Event "POL-ch U18"]
[Site "Szklarska Poreba"]
[Date "2019.03.09"]
[Round "2"]
[White "Goreczny, Tomasz"]
[Black "Ochowicz, Jakub"]
[Result "0-1"]
[WhiteElo "1784"]
[BlackElo "1988"]
[PlyCount "146"]
[EventDate "2019.03.09"]
[EventType "swiss"]
[EventRounds "9"]
[EventCountry "POL"]
[SourceTitle "CBM 189 Extra"]
[Source "ChessBase"]
[SourceDate "2019.06.03"]
[SourceVersion "1"]
[SourceVersionDate "2019.06.03"]
[SourceQuality "1"]

1. e4 c5 2. Nc3 a6 3. g3 b5 4. Bg2 Bb7 5. d3 e6 6. f4 d5 7. exd5 exd5 8. Nf3 Nf6 9. 0-0 Be7 10. Ne5 0-0 11. Ne2 Qb6 12. c3 d4 13. cxd4 cxd4 14. g4 Bxg2 15. Kxg2 Qb7+ 16. Kg1 Nbd7 17. Ng3 Bd6 18. Nxd7 Qxd7 19. f5 Bxg3 20. hxg3 Rfe8 21. Qf3 Rac8 22. g5 Nd5 23. f6 Rc2 24. Bf4 Ree2 25. Rae1 Rg2+ 26. Qxg2 Rxg2+ 27. Kxg2 gxf6 28. gxf6 Nxf6 29. Rf2 Qd5+ 30. Kg1 Ng4 31. Re8+ Kg7 32. Rfe2 Qxa2 33. Rc8 Qb1+ 34. Kg2 Qxd3 35. Ree8 Qf5 36. Rg8+ Kf6 37. Rc6+ Ke7 38. Rc7+ Ke6 39. Rd8 Ne3+ 40. Kf2 Ng4+ 41. Ke2 Qe4+ 42. Kd2 Qg2+ 43. Kd3 Ne5+ 44. Bxe5 Kxe5 45. Rc5+ Kf6 46. Rd6+ Kg7 47. Rxa6 Qxg3+ 48. Kxd4 Qf2+ 49. Kd5 Qxb2 50. Rb6 b4 51. Rcb5 h5 52. Rxb4 Qd2+ 53. Ke5 f6+ 54. Ke6 Qe3+ 55. Kd6 Kg6 56. Rb8 Qe5+ 57. Kd7 Kf7 58. R8b7 Qd5+ 59. Kc8+ Kg6 60. Rc7 Qf5+ 61. Kb7 Qf3+ 62. Kc8 Qa8+ 63. Kd7 Qa5 64. Rbc4 Qd2+ 65. Ke6 Qe1+ 66. Kd5 h4 67. Rc8 Qe5+ 68. Kc6 f5 69. Kd7 Qd5+ 70. Ke7 h3 71. Rc2 h2 72. R8c6+ Kg5 73. Rxh2 Qe5+ 0-1

[Event "Baltic Cup 2nd"]
[Site "Darlowko"]
[Date "2018.07.03"]
[Round "9"]
[White "Fiszer, Bartosz"]
[Black "Ochowicz, Jakub"]
[Result "1/2-1/2"]
[WhiteElo "1991"]
[BlackElo "1882"]
[PlyCount "143"]
[EventDate "2018.06.24"]
[EventType "swiss"]
[EventRounds "9"]
[EventCountry "POL"]
[SourceTitle "CBM 185 Extra"]
[Source "ChessBase"]
[SourceDate "2018.07.29"]
[SourceVersion "1"]
[SourceVersionDate "2018.07.29"]
[SourceQuality "1"]

1. e4 c5 2. Nf3 e6 3. d4 cxd4 4. Nxd4 a6 5. c4 Nf6 6. Nc3 Bb4 7. Qd3 Qc7 8. a3 Bxc3+ 9. Qxc3 d6 10. f3 e5 11. Nc2 Be6 12. Be2 Nbd7 13. Bg5 h6 14. Bh4 Rc8 15. Ne3 Nh5 16. 0-0 Nf4 17. Rfe1 Nb6 18. b3 0-0 19. Bf1 f5 20. exf5 Bxf5 21. Nxf5 Rxf5 22. Qd2 Rcf8 23. Rad1 Nc8 24. b4 Qf7 25. c5 dxc5 26. bxc5 Kh8 27. Qd7 Na7 28. Qxf7 R5xf7 29. Rxe5 Ng6 30. Re4 Nxh4 31. Rxh4 Rc8 32. Rc4 Rfc7 33. Rdc1 Nc6 34. R4c3 Nd4 35. Kf2 Rc6 36. Bd3 Ne6 37. Bf5 Rxc5 38. Rxc5 Rxc5 39. Rxc5 Nxc5 40. Ke3 b5 41. Kd4 Nb3+ 42. Kc3 Na5 43. Be6 Nc6 44. Bd7 Nb8 45. Bc8 a5 46. Bb7 b4+ 47. axb4 axb4+ 48. Kxb4 Nd7 49. Kc4 g6 50. Kd4 Kg7 51. Bc6 Nf6 52. Ke5 Kf7 53. g4 g5 54. Kf5 Nh7 55. Bd5+ Kg7 56. Ke5 Nf8 57. Be4 Kf7 58. Kd6 Kf6 59. Bf5 h5 60. Kd5 hxg4 61. fxg4 Ke7 62. Ke5 Kf7 63. Be4 Nd7+ 64. Kf5 Nf6 65. Bf3 Nxg4 66. Kxg4 Kg7 67. Kh5 g4 68. Be4 Kh8 69. Kh6 Kg8 70. Bd5+ Kh8 71. Be6 g3 72. hxg3 1/2-1/2

[Event "Baltic Cup 2nd"]
[Site "Darlowko"]
[Date "2018.06.28"]
[Round "5"]
[White "Ochowicz, Jakub"]
[Black "Rudzinska, Michalina"]
[Result "1-0"]
[WhiteElo "1882"]
[BlackElo "2088"]
[PlyCount "55"]
[EventDate "2018.06.24"]
[EventType "swiss"]
[EventRounds "9"]
[EventCountry "POL"]
[SourceTitle "CBM 185 Extra"]
[Source "ChessBase"]
[SourceDate "2018.07.29"]
[SourceVersion "1"]
[SourceVersionDate "2018.07.29"]
[SourceQuality "1"]

1. e4 c5 2. Nf3 e6 3. d4 cxd4 4. Nxd4 a6 5. Bd3 Nc6 6. Be3 Qc7 7. 0-0 Nf6 8. Qe2 d5 9. Nc3 dxe4 10. Nxe4 Be7 11. Nxc6 Qxc6 12. Bd4 Qc7 13. Nxf6+ gxf6 14. Qe3 h5 15. Rad1 Bd7 16. Rfe1 Bc6 17. Bb6 Qc8 18. Qg3 h4 19. Qg7 Rf8 20. Re3 Bd7 21. Be4 Qc4 22. Bxb7 Rb8 23. Rc3 Qb5 24. Rxd7 Kxd7 25. Bc6+ Qxc6 26. Rxc6 Kxc6 27. Bd4 Rbd8 28. Qg4 1-0

[Event "Baltic Cup 2nd"]
[Site "Darlowko"]
[Date "2018.06.26"]
[Round "3"]
[White "Ochowicz, Jakub"]
[Black "Belczewski, Jacek"]
[Result "1-0"]
[WhiteElo "1882"]
[BlackElo "2103"]
[PlyCount "73"]
[EventDate "2018.06.24"]
[EventType "swiss"]
[EventRounds "9"]
[EventCountry "POL"]
[SourceTitle "CBM 185 Extra"]
[Source "ChessBase"]
[SourceDate "2018.07.29"]
[SourceVersion "1"]
[SourceVersionDate "2018.07.29"]
[SourceQuality "1"]

1. e4 e6 2. d3 d5 3. Nd2 c5 4. Ngf3 Nc6 5. g3 Bd6 6. Bg2 Nge7 7. 0-0 Qc7 8. Re1 0-0 9. Qe2 f6 10. Nb3 Bd7 11. c3 Rfe8 12. d4 cxd4 13. cxd4 dxe4 14. Qxe4 Nb4 15. Bd2 f5 16. Qe2 Qb6 17. Nc5 Bxc5 18. dxc5 Qxc5 19. Rac1 Qb6 20. Bxb4 Qxb4 21. Ne5 Bb5 22. Qh5 Rf8 23. a3 Qa5 24. Bxb7 Rad8 25. Bg2 Qb6 26. Qg5 Nd5 27. Nc4 Bxc4 28. Rxc4 Qxb2 29. Rxe6 Nb6 30. Rc7 Rd7 31. Rxd7 Nxd7 32. Bd5 Kh8 33. Qe7 Qc1+ 34. Kg2 Qc8 35. Rc6 Qd8 36. Qxd8 Rxd8 37. Rd6 1-0

[Event "Baltic Cup 2nd"]
[Site "Darlowko"]
[Date "2018.06.24"]
[Round "1"]
[White "Ochowicz, Jakub"]
[Black "Dzhuguryan, Tygran"]
[Result "0-1"]
[WhiteElo "1882"]
[BlackElo "2178"]
[PlyCount "134"]
[EventDate "2018.06.24"]
[EventType "swiss"]
[EventRounds "9"]
[EventCountry "POL"]
[SourceTitle "CBM 185 Extra"]
[Source "ChessBase"]
[SourceDate "2018.07.29"]
[SourceVersion "1"]
[SourceVersionDate "2018.07.29"]
[SourceQuality "1"]

1. e4 c6 2. d4 d5 3. Nc3 g6 4. e5 f6 5. Nf3 Bg4 6. Bf4 Qb6 7. Na4 Qa5+ 8. c3 Nd7 9. b4 Qd8 10. Nc5 fxe5 11. Nxd7 exf4 12. Nxf8 Kxf8 13. Qd2 Bxf3 14. Qxf4+ Kg7 15. Qxf3 Qd6 16. Bd3 Nh6 17. 0-0 Rhf8 18. Qg3 Qxg3 19. hxg3 a5 20. Rfe1 axb4 21. Rxe7+ Rf7 22. Rxf7+ Kxf7 23. cxb4 Ra3 24. Bc2 Rc3 25. Bb3 Rd3 26. Rd1 Rxd1+ 27. Bxd1 Nf5 28. Kf1 Nxd4 29. Ke1 Ke6 30. a4 Kd6 31. Kd2 c5 32. Kc3 Nc6 33. bxc5+ Kxc5 34. f4 b6 35. g4 Nb4 36. Bb3 d4+ 37. Kd2 Kd6 38. Bc4 h6 39. g3 g5 40. Bb3 Na6 41. Kd3 Nc5+ 42. Kc4 d3 43. Bd1 d2 44. Kc3 Ne4+ 45. Kd3 Nxg3 46. fxg5 hxg5 47. Kxd2 Ne4+ 48. Ke3 Ke5 49. Bf3 Nf6 50. Bd1 Nd5+ 51. Kf3 Kd4 52. Bb3 Ne7 53. Bf7 Nc6 54. Be8 Ne5+ 55. Kg3 Ke3 56. Bb5 Nf7 57. Bd7 Nd6 58. Bf5 Ne4+ 59. Kh3 Kf4 60. Kg2 Nf6 61. Kh3 Nd5 62. Be6 Nc3 63. Bd7 Ne4 64. Kg2 Nc5 65. Bc6 Kxg4 66. Kf2 Kf4 67. Ke2 g4 0-1

[Event "Baltic Cup-B 1st"]
[Site "Darlowko"]
[Date "2017.06.26"]
[Round "2"]
[White "Skladzien, Romuald"]
[Black "Ochowicz, Jakub"]
[Result "1/2-1/2"]
[WhiteElo "1775"]
[BlackElo "1894"]
[PlyCount "33"]
[EventDate "2017.06.25"]
[EventType "swiss"]
[EventRounds "9"]
[EventCountry "POL"]
[SourceTitle "EXT 2019"]
[Source "ChessBase"]
[SourceDate "2018.10.10"]
[SourceVersion "1"]
[SourceVersionDate "2018.10.10"]
[SourceQuality "1"]

1. e4 Nf6 2. e5 Nd5 3. c3 c5 4. Nf3 e6 5. Bc4 Nc6 6. 0-0 Be7 7. d4 cxd4 8. cxd4 d6 9. Bxd5 exd5 10. h3 0-0 11. Be3 dxe5 12. dxe5 f6 13. Nc3 Be6 14. Nd4 Nxd4 15. Bxd4 fxe5 16. Bxe5 Bc5 17. Bd4 1/2-1/2

[Event "Rubinstein Memorial 52nd"]
[Site "Polanica Zdroj"]
[Date "2016.08.21"]
[Round "2"]
[White "Karpus, Michal"]
[Black "Ochowicz, Jakub"]
[Result "1/2-1/2"]
[WhiteElo "2240"]
[BlackElo "2069"]
[PlyCount "72"]
[EventDate "2016.08.20"]
[EventType "swiss"]
[EventRounds "10"]
[EventCountry "POL"]
[SourceTitle "CBM 174 Extra"]
[Source "ChessBase"]
[SourceDate "2016.10.10"]
[SourceVersion "1"]
[SourceVersionDate "2016.10.10"]
[SourceQuality "1"]

1. e4 c5 2. Nf3 e6 3. d4 cxd4 4. Nxd4 a6 5. Be2 Nf6 6. Nc3 d6 7. f4 Be7 8. 0-0 b5 9. Bf3 e5 10. Nf5 Bxf5 11. exf5 Qb6+ 12. Kh1 Nc6 13. Qe1 0-0 14. Be3 Qc7 15. Qg3 Kh8 16. Nd5 Nxd5 17. Bxd5 Rac8 18. c3 Bf6 19. Rad1 Ne7 20. fxe5 dxe5 21. Bb3 Rcd8 22. Qf3 Nc8 23. Qf2 Rxd1 24. Rxd1 Rd8 25. Rxd8+ Qxd8 26. Bxf7 Qd1+ 27. Qg1 Qc2 28. Qc1 Qxf5 29. Qd1 Bg5 30. Bxg5 Qxf7 31. h3 h6 32. Be3 Ne7 33. Qd7 Kh7 34. Kg1 Qf6 35. a4 bxa4 36. Qxa4 Qf5 1/2-1/2

[Event "POL-chT U20 1st League"]
[Site "Suchedniow"]
[Date "2016.07.31"]
[Round "9.9"]
[White "Ochowicz, Jakub"]
[Black "Baran, Mateusz"]
[Result "0-1"]
[WhiteElo "2069"]
[BlackElo "1411"]
[PlyCount "70"]
[EventDate "2016.07.23"]
[EventType "team-tourn"]
[EventRounds "9"]
[EventCountry "POL"]
[SourceTitle "EXT 2019"]
[Source "ChessBase"]
[SourceDate "2018.10.10"]
[SourceVersion "1"]
[SourceVersionDate "2018.10.10"]
[SourceQuality "1"]

1. e4 e5 2. Nf3 Nc6 3. Bb5 a6 4. Bxc6 dxc6 5. 0-0 Bg4 6. h3 Bh5 7. d3 Bd6 8. Be3 c5 9. Nbd2 Ne7 10. Qe2 Nc6 11. c3 f6 12. Rad1 Qe7 13. c4 g5 14. g4 Bf7 15. Kg2 0-0-0 16. a3 h5 17. Nh2 hxg4 18. Nxg4 Be6 19. f3 Nd4 20. Qf2 Rh4 21. Rh1 Rdh8 22. Rh2 Bd7 23. Nf1 f5 24. exf5 Nxf5 25. Qd2 Nxe3+ 26. Qxe3 e4 27. dxe4 Bxh2 28. Nfxh2 Rxh3 29. Rd5 Qh7 30. Rxg5 Rxh2+ 31. Nxh2 Qxh2+ 32. Kf1 Qxb2 33. Rg1 Rd8 34. Rg5 Be6 35. Ke1 Qc2 0-1

[Event "POL-chT U20 1st League"]
[Site "Suchedniow"]
[Date "2016.07.27"]
[Round "5.21"]
[White "Ochowicz, Jakub"]
[Black "Mis, Mieszko"]
[Result "1/2-1/2"]
[WhiteElo "2069"]
[BlackElo "2041"]
[PlyCount "100"]
[EventDate "2016.07.23"]
[EventType "team-tourn"]
[EventRounds "9"]
[EventCountry "POL"]
[SourceTitle "EXT 2019"]
[Source "ChessBase"]
[SourceDate "2018.10.10"]
[SourceVersion "1"]
[SourceVersionDate "2018.10.10"]
[SourceQuality "1"]

1. e4 e5 2. Nf3 Nc6 3. Bb5 a6 4. Bxc6 dxc6 5. 0-0 f6 6. d4 exd4 7. Nxd4 c5 8. Ne2 Qxd1 9. Rxd1 Bd7 10. Nbc3 Ne7 11. Bf4 0-0-0 12. f3 Ng6 13. Bg3 Ne5 14. Bxe5 fxe5 15. Nd5 c4 16. b4 cxb3 17. cxb3 Bc5+ 18. Kf1 c6 19. Rac1 Ba3 20. Rc2 Be6 21. Rdd2 Rhf8 22. Kf2 g5 23. Ng3 g4 24. Ke2 gxf3+ 25. gxf3 h5 26. Ne3 Rg8 27. Rxd8+ Kxd8 28. Kf2 a5 29. Nc4 Bc5+ 30. Ke1 h4 31. Nf5 Rg1+ 32. Ke2 Bxc4+ 33. Rxc4 Bb6 34. Nxh4 Rh1 35. Ng6 Rxh2+ 36. Kd3 Bd4 37. f4 Rh3+ 38. Kc2 c5 39. a4 exf4 40. Nxf4 Rh2+ 41. Kd3 Kd7 42. Rc2 Rh6 43. Nd5 Rh1 44. Kc4 Re1 45. Rh2 Rxe4 46. Kb5 Be5 47. Kxc5 Bd6+ 48. Kb5 Re5 49. Rd2 Bb4 50. Rd3 Ke6 1/2-1/2

[Event "POL-chT U19 1st League"]
[Site "Ustron"]
[Date "2015.08.02"]
[Round "9.3"]
[White "Ochowicz, Jakub"]
[Black "Sernecki, Franciszek"]
[Result "1/2-1/2"]
[WhiteElo "1849"]
[BlackElo "1932"]
[PlyCount "54"]
[EventDate "2015.07.25"]
[EventType "team-tourn"]
[EventRounds "9"]
[EventCountry "POL"]
[SourceTitle "EXT 2018"]
[Source "ChessBase"]
[SourceDate "2017.10.13"]
[SourceVersion "1"]
[SourceVersionDate "2017.10.13"]
[SourceQuality "1"]
[WhiteTeam "Rydultowy Ognisko U19"]
[BlackTeam "Wroclaw MUKS MDK Srodmiescie U19"]
[WhiteTeamCountry "POL"]
[BlackTeamCountry "POL"]

1. e4 e6 2. Nf3 d5 3. e5 c5 4. b4 cxb4 5. d4 Nc6 6. a3 bxa3 7. c3 Bd7 8. Bd3 a6 9. Nxa3 b5 10. 0-0 Nge7 11. Ng5 Ng6 12. Qf3 Ncxe5 13. dxe5 Nxe5 14. Qe3 Nxd3 15. Qxd3 Be7 16. Nf3 0-0 17. Re1 Qc7 18. Ne5 Rfc8 19. Bf4 Bd6 20. Qe3 Be8 21. Nd3 Bxf4 22. Nxf4 Qxc3 23. Qxc3 Rxc3 24. Nb1 Rc2 25. Na3 Rc3 26. Nb1 Rc2 27. Na3 Rc3 1/2-1/2

[Event "POL-chT U19 1st League"]
[Site "Ustron"]
[Date "2015.07.31"]
[Round "7.9"]
[White "Ochowicz, Jakub"]
[Black "Chylewski, Patryk"]
[Result "1/2-1/2"]
[WhiteElo "1849"]
[BlackElo "2168"]
[PlyCount "125"]
[EventDate "2015.07.25"]
[EventType "team-tourn"]
[EventRounds "9"]
[EventCountry "POL"]
[SourceTitle "EXT 2018"]
[Source "ChessBase"]
[SourceDate "2017.10.13"]
[SourceVersion "1"]
[SourceVersionDate "2017.10.13"]
[SourceQuality "1"]
[WhiteTeam "Rydultowy Ognisko U19"]
[BlackTeam "Chylice KS Laura U19"]
[WhiteTeamCountry "POL"]
[BlackTeamCountry "POL"]

1. e4 e6 2. d3 d5 3. Nd2 c5 4. Ngf3 Nc6 5. g3 Bd6 6. Bg2 Nge7 7. 0-0 0-0 8. Re1 Bc7 9. Nf1 Rb8 10. Qe2 b5 11. h4 a5 12. N1h2 c4 13. Bd2 Ba6 14. d4 dxe4 15. Qxe4 Qd5 16. Qxd5 Nxd5 17. c3 b4 18. Nf1 a4 19. Ne3 Nce7 20. Nxd5 Nxd5 21. Ne5 bxc3 22. bxc3 Rb2 23. Bxd5 exd5 24. Bc1 Rc2 25. Ba3 Ra8 26. Rec1 Rxc1+ 27. Rxc1 Re8 28. Nc6 Bb7 29. Ne7+ Kh8 30. Re1 Rb8 31. Nf5 Ba5 32. Rc1 f6 33. Ne3 Bc6 34. Kf1 Kg8 35. Ke2 Rb5 36. Kd2 Be8 37. Nd1 Rb6 38. Bc5 Rb8 39. Bd6 Rb7 40. Bc5 Bh5 41. Ba3 Rb8 42. Bd6 Rb7 43. Ba3 Bd8 44. Bb4 Bf3 45. a3 Be7 46. Ne3 Be4 47. Re1 Bxb4 48. cxb4 Bf3 49. Nf5 Kf8 50. Re8+ Kxe8 51. Nd6+ Ke7 52. Nxb7 Bh5 53. Nc5 Be8 54. Ke3 Bb5 55. Kd2 g5 56. f3 h6 57. h5 f5 58. g4 fxg4 59. fxg4 Kd6 60. Kc3 Ke7 61. Kd2 Be8 62. Ke3 Bb5 63. Kd2 1/2-1/2

[Event "POL-ch U14"]
[Site "Suwalki"]
[Date "2015.04.11"]
[Round "6"]
[White "Jarzebowski, Kacper"]
[Black "Ochowicz, Jakub"]
[Result "1/2-1/2"]
[WhiteElo "1660"]
[BlackElo "1927"]
[PlyCount "98"]
[EventDate "2015.04.08"]
[EventType "swiss"]
[EventRounds "9"]
[EventCountry "POL"]
[SourceTitle "EXT 2017"]
[Source "ChessBase"]
[SourceDate "2016.10.25"]
[SourceVersion "1"]
[SourceVersionDate "2016.10.25"]
[SourceQuality "1"]

1. e4 c5 2. Nf3 d6 3. Bb5+ Nc6 4. d4 cxd4 5. Nxd4 Bd7 6. Nc3 Nf6 7. 0-0 a6 8. Bxc6 bxc6 9. h3 e5 10. Nb3 Be7 11. Be3 Be6 12. Qe2 0-0 13. Rad1 Qc7 14. f4 exf4 15. Bxf4 Nd7 16. Kh1 Ne5 17. Nd2 f6 18. b3 a5 19. Nf3 Bc8 20. Qf2 Ba6 21. Rfe1 Qb7 22. Nd4 Rf7 23. Nf5 Rd8 24. Qg3 Kh8 25. Rd4 g6 26. Nxe7 Qxe7 27. Red1 Qc7 28. Qe3 Rfd7 29. Qf2 Kg7 30. R4d2 Qb7 31. Ne2 Bxe2 32. Qxe2 h5 33. Qf2 Qb4 34. Rd4 Qc3 35. Qd2 Qxd2 36. Bxd2 c5 37. Rd5 Kf7 38. Bxa5 Ra8 39. Bc3 Rxa2 40. Bxe5 fxe5 41. Rxc5 dxc5 42. Rxd7+ Ke6 43. Rd2 c4 44. bxc4 Ra4 45. Kg1 Rxc4 46. Re2 h4 47. Kf2 Kf6 48. Ke3 Ke6 49. Kd3 Rd4+ 1/2-1/2

[Event "POL-ch U14"]
[Site "Suwalki"]
[Date "2015.04.10"]
[Round "4"]
[White "Jobda, Rafal"]
[Black "Ochowicz, Jakub"]
[Result "1/2-1/2"]
[WhiteElo "1640"]
[BlackElo "1927"]
[PlyCount "160"]
[EventDate "2015.04.08"]
[EventType "swiss"]
[EventRounds "9"]
[EventCountry "POL"]
[SourceTitle "EXT 2017"]
[Source "ChessBase"]
[SourceDate "2016.10.25"]
[SourceVersion "1"]
[SourceVersionDate "2016.10.25"]
[SourceQuality "1"]

1. e4 c6 2. d4 d5 3. Nc3 dxe4 4. Nxe4 Bf5 5. Ng3 Bg6 6. Nh3 Nf6 7. Nf4 e5 8. Nxg6 hxg6 9. dxe5 Qa5+ 10. c3 Qxe5+ 11. Qe2 Nbd7 12. Bf4 Qxe2+ 13. Bxe2 Bc5 14. 0-0 0-0 15. Bf3 Nb6 16. Rfe1 Nfd5 17. Ne2 Nxf4 18. Nxf4 Bd6 19. Nd3 Rad8 20. Rad1 f6 21. Kf1 Kf7 22. g3 f5 23. Bg2 Kf6 24. h4 Rd7 25. f4 Rfd8 26. Bf3 Nc4 27. b3 Na3 28. Nb2 Nb5 29. Na4 Na3 30. Re2 Bf8 31. Rxd7 Rxd7 32. Ke1 Rc7 33. Nb2 Nb1 34. Re3 Bc5 35. Rd3 Nxc3 36. Rxc3 Bb4 37. Kd2 Re7 38. Nd1 Rd7+ 39. Kc2 Bxc3 40. Kxc3 Re7 41. Kd2 c5 42. Ne3 Rd7+ 43. Kc3 b5 44. Bc6 b4+ 45. Kc2 Rd4 46. Bf3 Ke6 47. Nc4 Kf6 48. Ne5 Rd6 49. Nd3 Re6 50. Ne5 a5 51. Kd3 Rd6+ 52. Kc2 Rd8 53. Nc6 Re8 54. Ne5 Re6 55. Kd3 Rd6+ 56. Kc2 Rd8 57. Nc6 Re8 58. Ne5 Re6 59. Kd3 Rd6+ 60. Kc2 Ke7 61. Nc6+ Kd7 62. Ne5+ Kc7 63. Nc4 Re6 64. Ne5 Kd6 65. Nc4+ Ke7 66. Ne5 Ra6 67. Kd3 Rd6+ 68. Kc2 Ra6 69. Kd3 Rd6+ 70. Kc2 Kf6 71. Nc4 Ra6 72. Ne5 Ke7 73. Kd3 Rd6+ 74. Kc2 Kf6 75. Nc4 Ra6 76. Ne5 Ke7 77. Kd3 Rd6+ 78. Kc2 Ke8 79. Bc6+ Ke7 80. Bf3 Kf8 1/2-1/2

[Event "POL Olympiad U12"]
[Site "Spala"]
[Date "2014.12.30"]
[Round "6.13"]
[White "Ochowicz, Jakub"]
[Black "Posluszny, Tomasz"]
[Result "1-0"]
[WhiteElo "1713"]
[BlackElo "1451"]
[PlyCount "131"]
[EventDate "2014.04.06"]
[EventType "swiss"]
[EventRounds "9"]
[EventCountry "POL"]
[SourceTitle "EXT 2023"]
[Source "ChessBase"]
[SourceDate "2022.10.05"]
[SourceVersion "1"]
[SourceVersionDate "2022.10.05"]
[SourceQuality "1"]

1. e4 e5 2. Nf3 Nf6 3. Nxe5 d6 4. Nf3 Nxe4 5. Nc3 Nxc3 6. dxc3 Be7 7. Bf4 0-0 8. Be2 Bg4 9. Qd2 Nc6 10. h3 Bh5 11. 0-0-0 a6 12. g4 Bg6 13. h4 Be4 14. Qe3 Bxf3 15. Bxf3 Re8 16. Qd3 Qc8 17. Rdg1 Ne5 18. Bxe5 dxe5 19. Be4 g6 20. g5 c6 21. h5 Qe6 22. Kb1 Rad8 23. Qe3 Rd6 24. hxg6 fxg6 25. Rh4 Red8 26. Bd3 R8d7 27. b3 b5 28. Rh2 e4 29. Be2 Qf5 30. Bg4 Bxg5 31. Bxf5 Rd1+ 32. Kb2 Bxe3 33. fxe3 Rxg1 34. Bxd7 c5 35. Bc6 Rg4 36. b4 cxb4 37. cxb4 h5 38. Kc3 h4 39. Bd7 Rg3 40. Rxh4 Rxe3+ 41. Kd2 Ra3 42. Rxe4 Kg7 43. Be6 Kf6 44. Bb3 a5 45. bxa5 Rxa5 46. Kc3 Ra8 47. Kb4 Kf5 48. Re6 Rb8 49. Rc6 g5 50. Rc5+ Kf4 51. Rxb5 Rxb5+ 52. Kxb5 Ke4 53. Kc5 g4 54. Bd5+ Ke3 55. a4 Kf2 56. a5 g3 57. a6 g2 58. Bxg2 Kxg2 59. a7 Kh2 60. a8Q Kg3 61. Qe4 Kh2 62. Qg4 Kh1 63. Kd4 Kh2 64. Ke3 Kh1 65. Kf2 Kh2 66. Qg2# 1-0

[Event "POL Olympiad U12"]
[Site "Spala"]
[Date "2014.12.30"]
[Round "2.7"]
[White "Pniaczek, Marek"]
[Black "Ochowicz, Jakub"]
[Result "0-1"]
[WhiteElo "1527"]
[BlackElo "1713"]
[PlyCount "58"]
[EventDate "2014.04.06"]
[EventType "swiss"]
[EventRounds "9"]
[EventCountry "POL"]
[SourceTitle "EXT 2023"]
[Source "ChessBase"]
[SourceDate "2022.10.05"]
[SourceVersion "1"]
[SourceVersionDate "2022.10.05"]
[SourceQuality "1"]

1. e4 c6 2. Nc3 d5 3. Nf3 Bg4 4. h3 Bxf3 5. Qxf3 Nf6 6. exd5 cxd5 7. Bb5+ Nc6 8. d4 e6 9. 0-0 Bd6 10. Re1 0-0 11. Be3 a6 12. Bxc6 bxc6 13. Bf4 Rb8 14. b3 Qc7 15. Bxd6 Qxd6 16. Na4 Nd7 17. Qc3 Rfc8 18. Re2 c5 19. dxc5 Nxc5 20. Nxc5 Rxc5 21. Qd4 Qc6 22. Rc1 Rc8 23. f3 Rc3 24. Kf2 f6 25. Ke1 e5 26. Qb4 d4 27. f4 d3 28. Rf2 Rxc2 29. Rfxc2 Qxc2 0-1

[Event "Krakow Malopolski-chA"]
[Site "Krakow"]
[Date "2014.05.03"]
[Round "8"]
[White "Zaboklicki, Zbigniew"]
[Black "Ochowicz, Jakub"]
[Result "1-0"]
[WhiteElo "1801"]
[BlackElo "1713"]
[PlyCount "67"]
[EventDate "2014.04.27"]
[EventType "swiss"]
[EventRounds "9"]
[EventCountry "POL"]
[SourceTitle "CBM 160 Extra"]
[Source "ChessBase"]
[SourceDate "2014.07.01"]
[SourceVersion "1"]
[SourceVersionDate "2014.07.01"]
[SourceQuality "1"]

1. d4 Nf6 2. Nf3 c5 3. d5 e6 4. c4 exd5 5. cxd5 d6 6. Nc3 a6 7. a4 g6 8. e4 Bg7 9. Be2 0-0 10. 0-0 b6 11. h3 Nbd7 12. Nd2 Bb7 13. Nc4 Ne8 14. Bf4 Qc7 15. Qd2 Bc8 16. Bh6 f6 17. Bxg7 Nxg7 18. f4 Re8 19. Bg4 Nf8 20. Bf3 Nd7 21. Rae1 Rb8 22. e5 fxe5 23. fxe5 Nxe5 24. Nxe5 dxe5 25. d6 Qa7 26. Bd5+ Ne6 27. Rxe5 Qg7 28. Qe1 Qd7 29. Ne4 Qxa4 30. Nf6+ Kh8 31. Nxe8 Nf4 32. Re4 Nxh3+ 33. gxh3 Qd7 34. Rf8# 1-0

[Event "POL Olympiad U14"]
[Site "Walbrzych"]
[Date "2013.??.??"]
[Round "6.6"]
[White "Kowalski, Igor"]
[Black "Ochowicz, Jakub"]
[Result "1-0"]
[WhiteElo "1824"]
[BlackElo "1597"]
[PlyCount "63"]
[EventDate "2013.04.??"]
[EventType "team-swiss"]
[EventRounds "9"]
[EventCountry "POL"]
[SourceTitle "EXT 2014"]
[Source "ChessBase"]
[SourceDate "2013.11.20"]
[SourceVersion "1"]
[SourceVersionDate "2013.11.20"]
[SourceQuality "1"]

1. e4 c5 2. Nf3 d6 3. d4 cxd4 4. Nxd4 Nf6 5. Nc3 Nc6 6. f3 e5 7. Nb3 Be7 8. Be3 0-0 9. Qd2 a6 10. g4 Be6 11. 0-0-0 b5 12. Kb1 Nd7 13. Nd5 Bxd5 14. exd5 Ncb8 15. g5 Nb6 16. Na5 Qc7 17. h4 Nc4 18. Nxc4 bxc4 19. c3 Nd7 20. h5 g6 21. Qh2 Rfb8 22. hxg6 Nf8 23. gxh7+ Kh8 24. f4 a5 25. Rd2 a4 26. a3 Ra5 27. f5 Rab5 28. f6 Bd8 29. Qh6 Rxb2+ 30. Rxb2 Rxb2+ 31. Kxb2 Qb7+ 32. Ka1 1-0

[Event "Krakow op 9th"]
[Site "Krakow"]
[Date "2013.??.??"]
[Round "5.7"]
[White "Ochowicz, Jakub"]
[Black "Klementys, Jerzy"]
[Result "1-0"]
[WhiteElo "1591"]
[BlackElo "1800"]
[PlyCount "67"]
[EventDate "2013.??.??"]
[EventType "swiss"]
[EventRounds "5"]
[EventCountry "POL"]
[SourceTitle "EXT 2023"]
[Source "ChessBase"]
[SourceDate "2022.10.05"]
[SourceVersion "1"]
[SourceVersionDate "2022.10.05"]
[SourceQuality "1"]

1. e4 c5 2. Nf3 d6 3. d4 cxd4 4. Nxd4 Nf6 5. Nc3 a6 6. Be2 e5 7. Nb3 Be6 8. Bg5 Be7 9. Bxf6 Bxf6 10. Nd5 Bxd5 11. Qxd5 Nc6 12. 0-0 0-0 13. Rfd1 Be7 14. c3 Qb6 15. Rab1 Kh8 16. Nd2 Rad8 17. b4 f5 18. a4 Bh4 19. g3 Ne7 20. Qd3 fxe4 21. Nxe4 d5 22. Nc5 e4 23. Qd2 Qg6 24. Nxb7 Rb8 25. Nc5 Nf5 26. Bf1 e3 27. fxe3 Bg5 28. Qe2 Bxe3+ 29. Kh1 Nxg3+ 30. hxg3 Qxg3 31. Qg2 Qd6 32. Rxd5 Qh6+ 33. Qh2 Qg6 34. Bd3 1-0